000 00380nam a2200145Ia 4500
008 151021s9999 xx 000 0 und d
020 _a043591751x
050 _aDT433.54.N481981
245 _a_Writers in Politics
260 _aNairobi EAEP 1981
300 _axi,142p.
500 _aincludes index
650 _a_writers in politics
980 _a^d20110303 09:33:04^okorir
999 _c6729
_d6729